Le siècle de Louis XV (Registro nro. 323774)

Detalles MARC
000 -ENCABEZADO
Número de control [NR] 01727nam a2200265 4500
005 - FECHA Y HORA DE LA ÚLTIMA TRANSACCIÓN
control field 20240122101922.0
008 - DE LONGITUD FIJA DE DATOS DE ELEMENTOS - INFORMACIÓN GENERAL
Elementos de longitud fija [NR] 240119s1933 fr |||||r|||| 00| 0bfre d
040 ## - FUENTE DE CATALOGACION [NR]
Agencia de catalogación original [NR] CO-BoUCM
Idioma de catalogación [NR] spa
Quien Cataloga Sandra Yazo
Quien Clasifica Sandra Yazo
041 0# - CODIGO DE IDIOMA [R]
Código de idioma para texto/pista de sonido o título separado [R] Francés
082 04 - NUMERO DE CLASIFICACION DECIMAL DEWEY [R]
Número de la edición [NR] 20
Número de clasificación [R] 944.03
092 ## - SIGNATURA TOPOGRAFICA LOCAL
Número de clasificación local E52N141
100 1# - ASIENTO PRINCIPAL--NOMBRE PERSONAL [NR]
Nombre personal [NR] Gaxotte, Pierre
Fechas asociadas con el nombre [NR] 1895-1982
ID Autoridad 179759
242 03 - TRADUCCION DEL TITULO POR LA AGENCIA CATALOGADORA [R]
Título [NR] El siglo de Luis XV
Mención de responsabilidad, etc. [NR] Pedro Gaxotte
Código de idioma del título traducido [NR] spa
245 13 - MENCION DE TITULO [NR]
Título [NR] Le siècle de Louis XV
Mención de responsabilidad, etc. [NR] Pierre Gaxotte
260 ## - PUBLICACION, DISTRIBUCION, ETC. (PIE DE IMPRENTA) [R]
Lugar de publicación, distribución, etc. [R] París (Francia)
Nombre del editor, distribuidor, etc. [R] Arthème Fayard et Cie. ; Impr. Firmin Didot [Artemio Fayard y Compañía ; Imprenta de Firmin Didot]
Fecha de publicación, distribución, etc. [R] 1933
300 ## - DESCRIPCION FISICA [R]
Extensión [R] 462, [1] páginas
Dimensiones [R] 18 x 11 cm.
500 ## - NOTA GENERAL [R]
Nota general [NR] Detalles físicos: Sin encuadernación original, actualmente encuadernación rígida (holandesa) en cartón forrado en papel jaspeado. Lomo de tela, con letras y líneas decorativas en dorado. Guardas. Anteportada. Portada impresa en una sola tinta. Texto impreso en una sola columna, con diferentes tipos y tamaños de letra. Márgenes amplios. Índice. Papel manchado por oxidación. Página 265 con doblez defectuoso en borde inferior
505 0# - NOTA DE CONTENIDO CON FORMATO PREESTABLECIDO [R]
Nota de contenido con formato preestablecido [NR] Palabras iniciales ; El rey ha muerto ; El sistema ; Fracaso de la revolución aristócrata ; ¿Viva el rey! El Cardenal ; Luis XV ; La tierra y el agua ; Francia puede ser feliz sin Québec ; Guerra de los impuestos ; Expulsión de los jesuitas y revolución de los grandes señores feudales ; Declive del rey ; El placer y el peligro de ser rico ; El rey
506 ## - NOTA DE RESTRICCIONES DE ACCESO [R]
Condiciones de acceso [NR] Consulta en sala
546 ## - NOTA DE IDIOMA [R]
Nota de idioma [NR] Texto en francés
600 1# - ASIENTO SECUNDARIO DE MATERIA - NOMBRE PERSONAL [R]
Nombre personal [NR] Luis XV
Títulos y otras palabras asociadas con el nombre [R] Rey de Francia
Fechas asociadas con el nombre [NR] 1710-1774
Subdivisión general [R] Biografías
9 (RLIN) 179760
650 #7 - ASIENTO SECUNDARIO DE MATERIA - TERMINO TEMATICO [R]
9 (RLIN) 23780
Término temático o nombre geográfico como elemento de entrada [NR] Reyes y soberanos
Subdivisión general [R] Biografías
690 ## - ASUNTO AGREGADO LOCAL DE ENTRADA - TÉRMINO TEMÁTICO (OCLC, RLIN)
Acceso temático local Biografías
9 (RLIN) 7343
942 ## - ELEMENTOS DE ENTRADA AGREGADOS (KOHA)
Sistema de clasificación LOCAL
Tipo de ítem principal el descrito en 300a Libro
Edición 1
Clasificación E52N141
Existencias
Suprimido Perdido Sistema de clasificación Dañado No prestable Tipo de ítem específico Ubicación habitual Ubicación actual Localización Fecha de creación Forma de adquisición Costo Total préstamos Signatura topográfica Código de barras Última vez visto Ejemplar Price effective from Tipo de ítem
    LOCAL     Libro archivo Archivo Histórico Archivo Histórico Archivo histórico 22/01/2024 Donación 0.00   E52N141 L006976 22/01/2024 Ej.1 22/01/2024 Libro